000 01091nam a2200325 a 4500
001 vtls001402382
003 NLI
005 20210627112955.0
008 121127s1961 enk 000 p eng
020 _cRs. 16.00
039 9 _y201211272017
_zVLOAD
040 _aNLI
_beng
_cDatasoft_2012
_eAACR2
041 1 _aeng
_hukr
044 _a enk
082 0 4 _a 891.791
100 1 _aShevchenko, Taras,
_d1814-1861
_9685289
245 1 0 _aSong out of darkness :
_bTaras, Shevchenko : selected poems /
_ctranslated [from the Ukrainian] by Vera Rich
260 _aLondon :
_bMitre Press,
_cc1961
300 _axxxii, 128 p. ;
_c22 cm.
440 0 _aHis Works in English translation; poetry ;
_vv. 1, pt. 1
_9975543
504 _aBibliography : p. 125-128
600 1 0 _aShevchenko, Taras,
_d1814-1861
_xCriticism and interpretation
_9686457
650 0 _aUkrainian poetry
_9975544
700 1 _aRich, Vera,
_4trl
_9975545
887 _a
901 _a364817
_b27.07.1964
902 _aE 891.791 Sh 59 s
949 _AVIRTUAITEM
_D10000
_X100
_6PUR000364817ENG
942 _2ddc
_cBKS
999 _aVIRTUA40
_c856263
_d856263